[Event "IECC KO-2024"]
[Site "IECC email"]
[Date "2003.09.03"]
[Round "?"]
[White "Ondo, Bob"]
[Black "Jordaan, Wayne"]
[Result "1-0"]
[WhiteElo "2036"]
[BlackElo "1627"]
[PlyCount "130"]
[EventDate "2003.??.??"]
[EventType "match (corr)"]
[EventRounds "2"]
[SourceTitle "Corr 2020"]
[Source "ChessBase"]
[SourceDate "2019.09.30"]
[SourceVersion "1"]
[SourceVersionDate "2019.09.30"]
[SourceQuality "1"]
[WhiteTeam "United States"]
[BlackTeam "South Africa"]
[WhiteTeamCountry "USA"]
[BlackTeamCountry "RSA"]

1. e4 c6 2. d4 d5 3. Nc3 dxe4 4. Nxe4 Nd7 5. Bd3 Ngf6 6. Ng5 e6 7. N1f3 h6 8. Nxe6 Qe7 9. 0-0 fxe6 10. Bg6+ Kd8 11. Bf4 Ne8 12. Qd3 Nd6 13. Rfe1 Nf7 14. Re3 Ng5 15. Rae1 Nxf3+ 16. Rxf3 Nf6 17. c4 Qd7 18. c5 Nd5 19. Be5 Ne7 20. Rf7 Qd5 21. Qg3 Bd7 22. Be4 Qc4 23. Qf4 Ke8 24. Bxg7 Bxg7 25. Rxg7 Kd8 26. Qd6 Kc8 27. Rxe7 Rd8 28. Bxc6 bxc6 29. Rxd7 Rxd7 30. Qxc6+ Kd8 31. Qxa8+ Ke7 32. Qe4 Rxd4 33. Qh7+ Kd8 34. Qxa7 Qb4 35. Qb6+ Qxb6 36. cxb6 Ke7 37. b3 Rb4 38. g3 Rxb6 39. Kg2 Rd6 40. a4 Rd2 41. b4 Ra2 42. a5 Kd6 43. Kf3 Ra4 44. Re4 e5 45. h4 Kd5 46. g4 Ra3+ 47. Re3 Ra4 48. Rb3 e4+ 49. Kf4 Ra2 50. f3 exf3 51. Kxf3 Ra1 52. Rc3 Rb1 53. Rc5+ Kd4 54. Rb5 Rf1+ 55. Kg2 Ra1 56. Rb6 Ke4 57. Rxh6 Ra2+ 58. Kf1 Kf3 59. Ke1 Kxg4 60. a6 Ra4 61. b5 Ra5 62. Rb6 Kxh4 63. Rb7 Kg5 64. a7 Kf5 65. b6 Ke6 1-0

[Event "IECC CL4-2003.01 email"]
[Site "IECC email"]
[Date "2003.01.09"]
[Round "?"]
[White "Roberts, David Llewelyn"]
[Black "Ondo, Bob"]
[Result "0-1"]
[WhiteElo "1615"]
[BlackElo "1886"]
[PlyCount "74"]
[EventDate "2003.??.??"]
[EventType "tourn (corr)"]
[EventRounds "4"]
[SourceTitle "Corr 2008"]
[Source "ChessBase"]
[SourceDate "2008.06.24"]
[SourceVersion "1"]
[SourceVersionDate "2008.06.24"]
[SourceQuality "1"]

1. e4 e5 2. Nf3 Nc6 3. Bb5 a6 4. Ba4 Nf6 5. 0-0 Be7 6. Re1 b5 7. Bb3 0-0 8. c3 d6 9. h3 Na5 10. Bc2 c5 11. d4 Bb7 12. d5 Nc4 13. b3 Nb6 14. Nbd2 a5 15. Nf1 a4 16. bxa4 Nxa4 17. Bd2 Bc8 18. Ng3 h6 19. Nh4 Nxe4 20. Rxe4 Bxh4 21. Bxa4 Rxa4 22. Rxa4 bxa4 23. Qxa4 Bxg3 24. fxg3 Bd7 25. Qc2 c4 26. a4 Qb6+ 27. Kh2 Ra8 28. Be1 Qb3 29. Qc1 Bxa4 30. Qa3 Bc6 31. Qxd6 Rxa1 32. Qxc6 Kh7 33. Qd7 Qc2 34. Bd2 Rf1 35. Be3 Qb1 36. g4 Rh1+ 37. Kg3 Qe1+ 0-1

[Event "IECC Swiss email"]
[Site "IECC email"]
[Date "2003.01.04"]
[Round "?"]
[White "Shields, Glen D"]
[Black "Ondo, Bob"]
[Result "1/2-1/2"]
[WhiteElo "2253"]
[BlackElo "1752"]
[PlyCount "71"]
[EventDate "2003.??.??"]
[EventType "tourn (corr)"]
[EventRounds "6"]
[SourceTitle "Corr 2008"]
[Source "ChessBase"]
[SourceDate "2008.06.24"]
[SourceVersion "1"]
[SourceVersionDate "2008.06.24"]
[SourceQuality "1"]

1. c4 Nf6 2. Nc3 e5 3. g3 Bb4 4. Bg2 0-0 5. Nf3 Re8 6. 0-0 e4 7. Nd4 Nc6 8. Nc2 Bxc3 9. bxc3 d5 10. cxd5 Qxd5 11. Ne3 Qh5 12. f3 exf3 13. exf3 Be6 14. d4 Rad8 15. f4 Qb5 16. a4 Qa6 17. Re1 Na5 18. Bf1 Qd6 19. Ba3 Qd7 20. Bb5 c6 21. Bd3 b6 22. Rb1 Bd5 23. Bf1 Be4 24. Rb2 Nd5 25. Nxd5 Qxd5 26. Rbe2 f5 27. Qa1 Nc4 28. Qa2 Nxa3 29. Qxa3 c5 30. Rd2 Qf7 31. a5 cxd4 32. cxd4 bxa5 33. Qxa5 Kh8 34. d5 Rd6 35. Qc5 Red8 36. Bg2 1/2-1/2

[Event "IECC CL4-2002.27"]
[Site "IECC email"]
[Date "2002.10.05"]
[Round "?"]
[White "Wozniak, Zbigniew"]
[Black "Ondo, Bob"]
[Result "0-1"]
[WhiteElo "1501"]
[BlackElo "1687"]
[PlyCount "96"]
[EventDate "2002.??.??"]
[EventType "tourn (corr)"]
[EventRounds "4"]
[SourceTitle "Corr 2008"]
[Source "ChessBase"]
[SourceDate "2008.06.24"]
[SourceVersion "1"]
[SourceVersionDate "2008.06.24"]
[SourceQuality "1"]

1. e4 e5 2. Nf3 Nc6 3. Bb5 a6 4. Ba4 Nf6 5. 0-0 Be7 6. Re1 b5 7. Bb3 0-0 8. c3 d6 9. h3 Bb7 10. d4 Na5 11. Bc2 c5 12. Nbd2 cxd4 13. cxd4 exd4 14. Nxd4 Re8 15. b3 Rc8 16. Bb2 Nd7 17. Nf5 Bf6 18. Bxf6 Nxf6 19. Rc1 g6 20. Ng3 Nc6 21. Nf3 Ne5 22. Nxe5 dxe5 23. Bd3 Qb6 24. Qf3 Rxc1 25. Rxc1 Rd8 26. b4 Kg7 27. a3 Qd4 28. Bb1 Qd2 29. Qe3 Qxe3 30. fxe3 Rd2 31. Bc2 h5 32. h4 Kf8 33. Nf1 Re2 34. Bd1 Ra2 35. Bb3 Rxa3 36. Bxf7 Bxe4 37. Rc7 Ra1 38. Be6 Bd3 39. Rf7+ Ke8 40. Rxf6 Ke7 41. Rf3 Kxe6 42. e4 Rxf1+ 43. Rxf1 Bxf1 44. Kxf1 Kd6 45. Ke2 Kc6 46. Kd3 Kb6 47. Kc3 a5 48. Kb3 axb4 0-1

[Event "IECC TH-M email"]
[Site "IECC email"]
[Date "2002.08.12"]
[Round "?"]
[White "Ondo, Bob"]
[Black "Balaram, Mohanakrishnan"]
[Result "1-0"]
[WhiteElo "1665"]
[BlackElo "1671"]
[PlyCount "83"]
[EventDate "2002.??.??"]
[EventType "match (corr)"]
[EventRounds "2"]
[SourceTitle "Corr 2008"]
[Source "ChessBase"]
[SourceDate "2008.06.24"]
[SourceVersion "1"]
[SourceVersionDate "2008.06.24"]
[SourceQuality "1"]

1. e4 e5 2. Nf3 Nc6 3. Bb5 Bc5 4. 0-0 Nf6 5. Nxe5 Nxe4 6. Qe2 Nxe5 7. Qxe4 Qe7 8. Nc3 Ng6 9. Qxe7+ Bxe7 10. Nd5 Bd6 11. Re1+ Kd8 12. Ne3 Re8 13. d4 f5 14. Bd2 f4 15. Nf5 Bf8 16. Rxe8+ Kxe8 17. h4 c6 18. Bd3 d5 19. Re1+ Kf7 20. h5 Bxf5 21. Bxf5 Nh4 22. Bxh7 Bd6 23. Kh2 Rh8 24. Kh3 Rxh7 25. Kxh4 g6 26. Kg4 Rxh5 27. Bxf4 Bxf4 28. Kxf4 Rf5+ 29. Ke3 Rh5 30. f4 Rh8 31. a4 a5 32. c3 Kf6 33. Kf3 Rb8 34. g4 b5 35. axb5 Rxb5 36. Ra1 Rxb2 37. Rxa5 Rb3 38. Rc5 Rb6 39. Kg3 Ke6 40. Kh4 Kf6 41. c4 dxc4 42. Rxc4 1-0

[Event "IECC TH-M email"]
[Site "IECC email"]
[Date "2002.07.26"]
[Round "?"]
[White "Cehajic, Mustafa"]
[Black "Ondo, Bob"]
[Result "1-0"]
[WhiteElo "1797"]
[BlackElo "1559"]
[PlyCount "81"]
[EventDate "2002.??.??"]
[EventType "match (corr)"]
[EventRounds "2"]
[SourceTitle "Corr 2008"]
[Source "ChessBase"]
[SourceDate "2008.06.24"]
[SourceVersion "1"]
[SourceVersionDate "2008.06.24"]
[SourceQuality "1"]

1. e4 e5 2. Nf3 Nc6 3. Bc4 Nf6 4. Ng5 Bc5 5. Bxf7+ Ke7 6. Bb3 Rf8 7. d3 d6 8. Nf3 Bg4 9. Nbd2 Nd4 10. h3 Bxf3 11. Nxf3 Nxb3 12. axb3 Qd7 13. 0-0 c6 14. Re1 h6 15. Be3 Bxe3 16. Rxe3 c5 17. Qd2 g5 18. b4 b6 19. bxc5 bxc5 20. b4 cxb4 21. Qxb4 Rab8 22. Qa3 Kf7 23. d4 Rfe8 24. dxe5 dxe5 25. Qxa7 Rb1+ 26. Re1 Rb7 27. Qc5 Qc7 28. Ra5 Qxc5 29. Rxc5 Nd7 30. Rd5 Kg7 31. c4 Rc8 32. Rc1 Rbc7 33. Nxe5 Nxe5 34. Rxe5 Rxc4 35. Rxc4 Rxc4 36. f3 Rc2 37. Kh2 Kf6 38. Rf5+ Kg6 39. h4 Ra2 40. hxg5 hxg5 41. Kh3 1-0